000 00294nam a22001217a 4500
040 _cNust
082 _a621.381
_bELE'C
245 _aElectronics Projects
250 _aVol - 11
260 _aNew Delhi:
_bEFY Enterprises,
_c1995.
650 _aElectronics Projects
_9127266
942 _2ddc
_cBK
999 _c612459
_d612459